Otestujte svoji propagaci!
Testovanie návrhov propagačných prostriedkov. Firma ECOMA Praha robí výskum v oblasti testovania propagačných prostriedkov. Výsledky testovania etikiet piva. Dôvody a význam testovania návrhov propagačných prostriedkov.
Salvato in:
| Autore principale: | |
|---|---|
| Altri autori: | |
| Natura: | Capitolo di libro |
| Lingua: | ceco |
| Soggetti: | |
| Tags: |
Nessun Tag, puoi essere il primo ad aggiungerne!!
|
MARC
| LEADER | 00000naa a2200000 4500 | ||
|---|---|---|---|
| 001 | r013207 | ||
| 005 | 20221213081132.8 | ||
| 041 | 0 | |a cze | |
| 044 | |a CZ | ||
| 245 | 1 | 0 | |a Otestujte svoji propagaci! |c J. Vysekalová, K. Kostýlková |
| 520 | |a Testovanie návrhov propagačných prostriedkov. Firma ECOMA Praha robí výskum v oblasti testovania propagačných prostriedkov. Výsledky testovania etikiet piva. Dôvody a význam testovania návrhov propagačných prostriedkov. | ||
| 610 | 2 | 0 | |a propagácia |
| 610 | 2 | 0 | |a prostriedky reklamné |
| 610 | 2 | 0 | |a testy |
| 610 | 2 | 0 | |a ECOMA Praha |
| 100 | 1 | |a Vysekalová, Jitka | |
| 700 | 1 | |a Kostýlková, K. | |